Statistiques concernant 15 nombres en 15 secondes - Clic Quiz

Cliquez ici pour prendre le quiz!

Statistiques générales

  • Ce quiz a été pris 4 945 fois
  • Le résultat moyen est 11 sur 15

Statistiques - réponses

HintRéponse% Correct
22
75%
11
74%
99
74%
55
73%
1010
72%
1212
72%
1414
72%
1515
72%
33
72%
44
72%
66
72%
1111
71%
1313
71%
77
71%
88
71%

Distribution des résultats

Percentile par nombre de réponses

% des personnes avec chaque résultat

Votre développement - résultats

Vous n’avez pas pris ce quiz